| 000 | 01116nam a22002657a 4500 | ||
|---|---|---|---|
| 003 | BPGM | ||
| 008 | 260618e2013 mx ||||g |||| 001 j spa d | ||
| 040 | _bspa | ||
| 041 |
_aspa _hspa |
||
| 082 | 0 | 4 |
_2863M _aG37375 /C78 |
| 100 |
_aGARCÌA OLIV, TARSICIO _eAUTOR |
||
| 245 | _aC(R)UENTOS MAG(R)OS | ||
| 250 |
_aPRIMERA EDICION _b2013 |
||
| 260 |
_aMÈXICO _bGOBIERNO DEL ESTADO DE QUERÈTARO _c2013 |
||
| 300 |
_a73 paginas _c13 cm x 19.5 cm |
||
| 336 |
_2rdacontent _atexto _btxt |
||
| 337 |
_2rdamedia _asin mediación _bn |
||
| 338 |
_2rdacarrier _avolumen _bnc |
||
| 490 | 0 | _aLETRAS DE QUERETARO | |
| 505 | _a es una recopilación de relatos breves que exploran la vida cotidiana mexicana con un tono realista y, a la vez, cargado de elementos simbólicos y espirituales. Los cuentos muestran personajes humildes enfrentando situaciones de fe, esperanza y milagro, donde lo extraordinario irrumpe en lo común para dar lecciones morales y emocionales. | ||
| 650 | _2LITERATURA Y RETÓRICA | ||
| 650 | _2LITERATURAS ESPAÑOLA Y PORTUGUESA | ||
| 650 | _2NOVELÍSTICA ESPAÑOLA | ||
| 942 |
_2ddc _cCOLQ |
||
| 999 |
_c68621 _d68621 |
||